Solution to question on advance Cost management accounting (Record no. 34725)

MARC details
000 -LEADER
fixed length control field 00438nam a22001697a 4500
005 - DATE AND TIME OF LATEST TRANSACTION
control field 20231114194707.0
008 - FIXED-LENGTH DATA ELEMENTS--GENERAL INFORMATION
fixed length control field 231114b |||||||| |||| 00| 0 eng d
082 ## - DEWEY DECIMAL CLASSIFICATION NUMBER
Classification number 657.046
Item number JAI-A
100 ## - MAIN ENTRY--AUTHOR
Author Name Jain,S.P
245 ## - TITLE STATEMENT
Title Solution to question on advance Cost management accounting
260 ## - PUBLICATION, DISTRIBUTION, ETC.
Place of Publication India
Name of publisher, distributor, etc. Kalyani publisher
Date of publication, distribution, etc. 1996
300 ## - PHYSICAL DESCRIPTION
Pages 1068
500 ## - GENERAL NOTE
General note Include Index
650 ## - SUBJECT ADDED ENTRY--TOPICAL TERM
Subject / Department Accounting
700 ## - ADDED ENTRY--PERSONAL NAME
Personal name S.P.Jain

No items available.

Powered by Koha